Diario Oficial (Registro nro. 25712)
[ vista simple ]
| 000 -CABECERA | |
|---|---|
| Longitud fija campo de control | 00624nms a22001817a 4500 |
| 003 - IDENTIFICADOR DELl NÚMERO DE CONTROL | |
| Identificador del número de control | OSt |
| 005 - FECHA Y HORA DE LA ÚLTIMA TRANSACCIÓN | |
| Fecha y hora de la última transacción | 20160905152415.0 |
| 008 - CÓDIGOS DE INFORMACIÓN DE LONGITUD FIJA | |
| Códigos de información de longitud fija | 160818b xxu||||| |||| 00| 0 eng d |
| 040 ## - FUENTE DE LA CATALOGACIÓN | |
| Centro transcriptor | BMC |
| 082 ## - NÚMERO DE LA CLASIFICACIÓN DECIMAL DEWEY | |
| Número de edición | |
| Númeroo de clasificación | 342.026437284 |
| 245 00 - MENCIÓN DE TÍTULO | |
| Título | Diario Oficial |
| Resto del título | : República de El Salvador |
| Nombre de parte o sección de la obra | Diciembre |
| Mención de responsabilidad, etc. | Imprenta Nacional |
| 260 ## - PUBLICACIÓN, DISTRIBUCIÓN, ETC. (PIE DE IMPRENTA) | |
| Lugar de publicación, distribución, etc. | San Salvador (El Salvador) |
| Nombre del editor, distribuidor, etc. | Imprenta Nacional |
| Fecha de publicación, distribución, etc. | 2013 |
| 300 ## - DESCRIPCIÓN FÍSICA | |
| Extensión | Datos: (16 archivos,59,901,401 bytes) |
| Otras características físicas | 12 cm |
| 490 ## - MENCIÓN DE SERIE | |
| Mención de serie | Diario Oficial |
| Designación de volumen o secuencia | 401 |
| 650 24 - PUNTO DE ACCESO ADICIONAL DE MATERIA - TÉRMINO DE MATERIA | |
| 9 (RLIN) | 6431 |
| Término de materia o nombre geográfico como elemento inicial | Control constitucional de leyes |
| Subdivisión geográfica | El Salvador |
| 710 ## - PUNTO DE ACCESO ADICIONAL - NOMBRE DE ENTIDAD | |
| 9 (RLIN) | 39504 |
| Nombre de entidad o nombre de jurisdicción como elemento inicial | Imprenta Nacional de El Salvador |
| 942 ## - ENTRADA DE ELEMENTOS AGREGADOS (KOHA) | |
| Fuente de clasificaión o esquema | Dewey Decimal Classification |
| Koha [por defecto] tipo de item | 3- Discos Compactos |
| Parte de clasificación | prozim |
| Suprimido | Perdido | Fuente de clasificación o esquema | Estropeado | Restricciones de uso | No para préstamo | Código de colección | Localización permanente | Localización actual | Localización en estanter&íacute;as | Fecha adquisición | Fuente de adquisición | Número de inventario | Préstamos totales | Signatura completa | Código de barras | Fecha última consulta | Fecha del precio de reemplazo | Tipo de item de Koha |
|---|---|---|---|---|---|---|---|---|---|---|---|---|---|---|---|---|---|---|
| NULL | NULL | Dewey Decimal Classification | NULL | Prestable | NULL | NULL | Biblioteca Miguel de Cervantes - UNICAES | Biblioteca Miguel de Cervantes - UNICAES | Sala Principal | 05/01/2014 | Compra | 000012 | CDO-000012 | 1037792 | 05/09/2016 | 05/09/2016 | 3- Discos Compactos |